[Event "RUS-chT (Women)"]
[Site "Sochi"]
[Date "2023.05.09"]
[Round "8.2"]
[White "Tsepennikova, Tatyana"]
[Black "Smirnova, Ekaterina"]
[Result "0-1"]
[WhiteElo "1889"]
[BlackElo "2204"]
[PlyCount "132"]
[EventDate "2023.05.01"]
[EventType "team-swiss"]
[EventRounds "9"]
[EventCountry "RUS"]
[SourceTitle "CBM 214 Extra"]
[Source "ChessBase"]
[SourceDate "2023.07.31"]
[SourceVersion "1"]
[SourceVersionDate "2023.07.31"]
[SourceQuality "1"]
[WhiteTeam "Altay Region Kaissa (W)"]
[BlackTeam "Moscow Region (W) II"]
[WhiteTeamCountry "RUS"]
[BlackTeamCountry "RUS"]

1. d4 d5 2. c4 e6 3. Nc3 Nf6 4. cxd5 exd5 5. Bg5 c6 6. e3 Bf5 7. Bd3 Bxd3 8. Qxd3 Nbd7 9. Nf3 Bd6 10. 0-0 0-0 11. Rfc1 h6 12. Bh4 Re8 13. Nd2 a5 14. e4 dxe4 15. Ndxe4 Be7 16. f3 Ne5 17. Qe3 Nc4 18. Qe2 Nxe4 19. fxe4 Bxh4 20. Qxc4 b5 21. Qd3 Bf6 22. Rd1 Qb6 23. Kh1 Rad8 24. d5 b4 25. Na4 Qb5 26. Qxb5 cxb5 27. Nc5 Bxb2 28. Rab1 Bc3 29. Nb7 Rd7 30. Nxa5 Rxe4 31. Nc6 h5 32. Kg1 h4 33. Rd3 Rc4 34. Rdd1 g6 35. h3 Kg7 36. Kh1 Rd6 37. Na5 Rf4 38. Nc6 Kf8 39. Na7 Rf5 40. Nxb5 Rdxd5 41. Nxc3 bxc3 42. Rb8+ Ke7 43. Rxd5 Rxd5 44. Rc8 Rd3 45. a4 Kd7 46. Rc4 Kd6 47. a5 Kd5 48. Rc7 Kd4 49. a6 Rd1+ 50. Kh2 Ra1 51. a7 f5 52. Rd7+ Ke3 53. Rc7 Kd2 54. Rd7+ Kc1 55. Re7 Ra3 56. Rc7 c2 57. Kh1 g5 58. Kh2 f4 59. Rd7 Ra1 60. Rc7 Ra2 61. Rd7 f3 62. Kg1 fxg2 63. Kh2 g4 64. hxg4 h3 65. Re7 Kd2 66. Rd7+ Ke3 0-1

[Event "Satka Magnezit 120 op"]
[Site "Satka"]
[Date "2021.07.07"]
[Round "2"]
[White "Tsepennikova, Tatyana"]
[Black "Kanter, Eduard"]
[Result "0-1"]
[WhiteElo "1949"]
[BlackElo "2373"]
[PlyCount "64"]
[EventDate "2021.07.06"]
[EventType "swiss"]
[EventRounds "9"]
[EventCountry "RUS"]
[SourceTitle "CBM 203 Extra"]
[Source "ChessBase"]
[SourceDate "2021.09.30"]
[SourceVersion "1"]
[SourceVersionDate "2021.09.30"]
[SourceQuality "1"]

1. d4 d5 2. Bf4 c5 3. c3 Nc6 4. Nf3 Nf6 5. dxc5 g6 6. e3 Bg7 7. Bb5 0-0 8. Ne5 Nh5 9. Nxc6 bxc6 10. Bxc6 Nxf4 11. exf4 Rb8 12. Qxd5 Qc7 13. b4 Ba6 14. Qe4 Rfd8 15. a4 Bd3 16. Qf3 Rxb4 17. cxb4 Bxa1 18. Be4 Bxe4 19. Qxe4 Rd4 20. Qc2 Rxb4 21. 0-0 Bd4 22. Rc1 Rb2 23. Qe4 Bxc5 24. Kh1 Qd6 25. f3 Rb4 26. Qe5 Qxe5 27. fxe5 Bd4 28. e6 fxe6 29. g4 Rxa4 30. Rc8+ Kf7 31. Nc3 Ra1+ 32. Kg2 Rc1 0-1

[Event "RUS-ch blitz (Women)"]
[Site "Sochi"]
[Date "2017.10.02"]
[Round "2"]
[White "Ubiennykh, Ekaterina"]
[Black "Tsepennikova, Tatyana"]
[Result "1-0"]
[WhiteElo "2308"]
[BlackElo "1984"]
[PlyCount "100"]
[EventDate "2017.10.02"]
[EventType "swiss (blitz)"]
[EventRounds "20"]
[EventCountry "RUS"]
[SourceTitle "EXT 2018"]
[Source "ChessBase"]
[SourceDate "2017.10.13"]
[SourceVersion "1"]
[SourceVersionDate "2017.10.13"]
[SourceQuality "1"]

1. d4 Nf6 2. c4 g6 3. Nc3 Bg7 4. e4 d6 5. Be2 0-0 6. Bg5 h6 7. Bf4 Nbd7 8. Qd2 Kh7 9. 0-0-0 e5 10. dxe5 dxe5 11. Bxe5 Nxe4 12. Nxe4 Bxe5 13. Nf3 Bg7 14. h4 Qe7 15. Bd3 Ne5 16. Nxe5 Qxe5 17. Rhe1 Qd4 18. Qc2 Qb6 19. f3 Be6 20. h5 Bf5 21. g4 Bxe4 22. Bxe4 Rad8 23. Rxd8 Rxd8 24. Bd5 Qf6 25. hxg6+ fxg6 26. Re6 Qg5+ 27. Kb1 c6 28. Rxg6 Qh4 29. Rxc6+ Kh8 30. Re6 Qh1+ 31. Qc1 Qxc1+ 32. Kxc1 b6 33. Kc2 Rf8 34. b4 Rf6 35. Re7 a5 36. bxa5 bxa5 37. Ra7 Bf8 38. Rxa5 Rb6 39. Ra7 Bc5 40. Rc7 Bd4 41. Kd3 Be5 42. Re7 Bf6 43. Rf7 Ba1 44. c5 Rb1 45. c6 Rd1+ 46. Kc4 Rc1+ 47. Kb5 Be5 48. Bc4 Rb1+ 49. Kc5 Rb8 50. c7 Rc8 1-0

[Event "Nezhmetdinov Memorial 39th"]
[Site "Kazan"]
[Date "2017.06.03"]
[Round "4"]
[White "Tsepennikova, Tatyana"]
[Black "Garifzyanov, Niyaz"]
[Result "1-0"]
[WhiteElo "1978"]
[BlackElo "1874"]
[PlyCount "79"]
[EventDate "2017.05.31"]
[EventType "swiss"]
[EventRounds "9"]
[EventCountry "RUS"]
[SourceTitle "EXT 2018"]
[Source "ChessBase"]
[SourceDate "2017.10.13"]
[SourceVersion "1"]
[SourceVersionDate "2017.10.13"]
[SourceQuality "1"]

1. d4 Nf6 2. Nf3 e6 3. Bg5 h6 4. Bf4 c5 5. c3 cxd4 6. cxd4 b6 7. Nc3 Bb7 8. Nb5 d6 9. Rc1 Nc6 10. e4 a6 11. d5 exd5 12. exd5 Qe7+ 13. Be3 axb5 14. Bxb5 Rxa2 15. dxc6 Bc8 16. c7+ Nd7 17. Qd5 Qe6 18. Bxd7+ Kxd7 19. Qb5+ Ke7 20. 0-0 f6 21. Bxb6 Kf7 22. Nd4 Qe5 23. Qc4+ d5 24. Qxa2 Bd6 25. g3 Qh5 26. Nb5 Be7 27. Rfd1 Be6 28. Re1 Bh3 29. Qb3 Re8 30. Nd6+ Bxd6 31. Rxe8 Kxe8 32. c8Q+ Bxc8 33. Rxc8+ Kd7 34. Rd8+ Ke6 35. Qe3+ Be5 36. Bc7 Qd1+ 37. Kg2 Qa4 38. Bxe5 fxe5 39. Qb6+ Ke7 40. Qd6+ 1-0

[Event "Voronezh op-A 19th"]
[Site "Voronezh"]
[Date "2015.06.18"]
[Round "7"]
[White "Tsepennikova, Tatyana"]
[Black "Klimentov, Evgeny"]
[Result "0-1"]
[WhiteElo "2060"]
[BlackElo "2196"]
[PlyCount "76"]
[EventDate "2015.06.12"]
[EventType "swiss"]
[EventRounds "9"]
[EventCountry "RUS"]
[SourceTitle "CBM 167 Extra"]
[Source "ChessBase"]
[SourceDate "2015.09.14"]
[SourceVersion "1"]
[SourceVersionDate "2015.09.14"]
[SourceQuality "1"]

1. d4 Nf6 2. Bg5 e6 3. Nf3 Be7 4. Nbd2 h6 5. Bh4 b6 6. e3 Bb7 7. Bd3 d6 8. 0-0 Nbd7 9. Re1 g5 10. Bg3 Nh5 11. Be4 Bxe4 12. Nxe4 f5 13. Nfd2 g4 14. Nc3 Nxg3 15. fxg3 d5 16. Ne2 h5 17. Nf4 Kf7 18. c4 c6 19. cxd5 cxd5 20. Rc1 Nf6 21. Qa4 h4 22. Rc6 Bd6 23. Rec1 hxg3 24. hxg3 Qe7 25. Qc2 Rad8 26. a4 Nh5 27. Nf1 Nxf4 28. exf4 Qd7 29. Kf2 Bc5 30. Rxc5 bxc5 31. dxc5 Rb8 32. Ne3 Rb4 33. c6 Qd6 34. c7 Rc8 35. Nxf5 Qb6+ 36. Kf1 Rxb2 37. Nd6+ Kf8 38. Qc5 Rxc7 0-1

[Event "Voronezh op-A 19th"]
[Site "Voronezh"]
[Date "2015.06.14"]
[Round "3"]
[White "Tsepennikova, Tatyana"]
[Black "Gevorgyan, David"]
[Result "0-1"]
[WhiteElo "2060"]
[BlackElo "2381"]
[PlyCount "56"]
[EventDate "2015.06.12"]
[EventType "swiss"]
[EventRounds "9"]
[EventCountry "RUS"]
[SourceTitle "CBM 167 Extra"]
[Source "ChessBase"]
[SourceDate "2015.09.14"]
[SourceVersion "1"]
[SourceVersionDate "2015.09.14"]
[SourceQuality "1"]

1. e4 c5 2. c3 d6 3. d4 Nd7 4. Nf3 e6 5. Bd3 Ngf6 6. Bg5 h6 7. Bh4 g5 8. Bg3 Nh5 9. Na3 a6 10. 0-0 Nxg3 11. fxg3 b5 12. Qe1 Bg7 13. Qf2 0-0 14. Rae1 f5 15. exf5 exf5 16. dxc5 dxc5 17. Bb1 Rb8 18. g4 fxg4 19. Qc2 Rf4 20. g3 Rxf3 21. Qh7+ Kf8 22. Rd1 Qb6 23. Rfe1 c4+ 24. Rd4 Bxd4+ 25. cxd4 Qxd4+ 26. Kh1 Qf6 27. Kg1 Bb7 28. Qxd7 Qb6+ 0-1

[Event "Voronezh op-A 19th"]
[Site "Voronezh"]
[Date "2015.06.13"]
[Round "2"]
[White "Kostin, Alexey"]
[Black "Tsepennikova, Tatyana"]
[Result "1/2-1/2"]
[WhiteElo "2272"]
[BlackElo "2060"]
[PlyCount "96"]
[EventDate "2015.06.12"]
[EventType "swiss"]
[EventRounds "9"]
[EventCountry "RUS"]
[SourceTitle "CBM 167 Extra"]
[Source "ChessBase"]
[SourceDate "2015.09.14"]
[SourceVersion "1"]
[SourceVersionDate "2015.09.14"]
[SourceQuality "1"]

1. e4 c6 2. d4 d5 3. exd5 cxd5 4. c4 Nf6 5. Nc3 g6 6. cxd5 Nxd5 7. Bc4 Nb6 8. Bb3 Bg7 9. Nf3 0-0 10. 0-0 Bg4 11. h3 Bxf3 12. Qxf3 Nc6 13. Be3 Nxd4 14. Qxb7 Nxb3 15. axb3 Qb8 16. Qxe7 Bxc3 17. bxc3 Nd5 18. Qa3 Nxe3 19. fxe3 Qe5 20. c4 Qxe3+ 21. Kh1 Rad8 22. Rf3 Qe4 23. Qxa7 Rd3 24. Qf2 Rfd8 25. Rf1 f5 26. Qg3 Qe2 27. Kh2 Rxb3 28. Rxb3 Qxf1 29. Rb8 Rxb8 30. Qxb8+ Kg7 31. Qe5+ Kh6 32. c5 Qc1 33. Qd6 f4 34. c6 Qe3 35. Qd1 Qg3+ 36. Kh1 Qc3 37. Qf3 Qc1+ 38. Kh2 Qc4 39. h4 Kg7 40. h5 g5 41. Qg4 Qxc6 42. Qxg5+ Kf7 43. Qxf4+ Kg7 44. Kh3 Qd5 45. Qg4+ Kh6 46. Qf4+ Kxh5 47. Qf6 Qd7+ 48. Kh2 Qg4 1/2-1/2

[Event "Nezhmetdinov Memorial 37th"]
[Site "Kazan"]
[Date "2015.06.04"]
[Round "5"]
[White "Tsepennikova, Tatyana"]
[Black "Veklich, Igor"]
[Result "1-0"]
[WhiteElo "2060"]
[BlackElo "1863"]
[PlyCount "77"]
[EventDate "2015.05.31"]
[EventType "swiss"]
[EventRounds "9"]
[EventCountry "RUS"]
[SourceTitle "CBM 166 Extra"]
[Source "ChessBase"]
[SourceDate "2015.06.18"]
[SourceVersion "1"]
[SourceVersionDate "2015.06.18"]
[SourceQuality "1"]

1. e4 c5 2. Nf3 Nc6 3. c3 Nf6 4. Bd3 d5 5. e5 Ng4 6. Qe2 c4 7. Bc2 Qc7 8. Ba4 Bd7 9. Bxc6 bxc6 10. b3 cxb3 11. axb3 g6 12. d4 Nh6 13. 0-0 Bg7 14. Ba3 Bg4 15. Nbd2 0-0 16. Bc5 Rfb8 17. h3 Bxf3 18. Qxf3 Nf5 19. g4 Nh6 20. Qe3 Kh8 21. Ra6 Ng8 22. b4 Qd7 23. e6 fxe6 24. Re1 Rf8 25. Qxe6 Qb7 26. Qxc6 Qb8 27. Qxd5 Qf4 28. Re2 Nf6 29. Qe5 Qh6 30. g5 Qxh3 31. gxf6 Qg4+ 32. Kf1 Qh3+ 33. Ke1 Qh1+ 34. Nf1 Bxf6 35. Qe4 Qh6 36. Ne3 Rfe8 37. Kd2 Qg5 38. Kc2 h5 39. Nd5 1-0

[Event "Barnaul Altay-ch"]
[Site "Barnaul"]
[Date "2015.01.07"]
[Round "5"]
[White "Sukhanov, Igor"]
[Black "Tsepennikova, Tatyana"]
[Result "1/2-1/2"]
[WhiteElo "2034"]
[BlackElo "2061"]
[PlyCount "118"]
[EventDate "2015.01.03"]
[EventType "swiss"]
[EventRounds "9"]
[EventCountry "RUS"]
[SourceTitle "CBM 164 Extra"]
[Source "ChessBase"]
[SourceDate "2015.03.02"]
[SourceVersion "1"]
[SourceVersionDate "2015.03.02"]
[SourceQuality "1"]

1. Nf3 c5 2. c4 Nc6 3. g3 g6 4. Bg2 Bg7 5. Nc3 Nf6 6. 0-0 0-0 7. d4 cxd4 8. Nxd4 a6 9. e3 Qc7 10. b3 d6 11. Bb2 Bg4 12. Qd2 Rad8 13. h3 Bc8 14. Rac1 e5 15. Nd5 Qd7 16. Nb6 Qe7 17. Nxc8 Rxc8 18. Nxc6 bxc6 19. Qa5 Nd7 20. Rfd1 Nb8 21. Ba3 Rfd8 22. Rd2 Bf8 23. Rcd1 Qe6 24. Bb2 Qe7 25. Qc3 Bg7 26. Ba3 c5 27. Qd3 Nc6 28. Bxc6 Rxc6 29. Qd5 Qc7 30. Bb2 a5 31. Bc3 Ra6 32. Rd3 Rb8 33. Rb1 Bf8 34. a4 Ra7 35. e4 Qb7 36. Qxb7 Rbxb7 37. Bd2 Ra8 38. Kg2 f6 39. f4 exf4 40. Bxf4 Rab8 41. Bd2 Ra7 42. Rf1 Be7 43. h4 Kf7 44. Kf3 Ke6 45. Ke2 Bd8 46. Bf4 Be7 47. Kd1 Ra6 48. Kc2 Rab6 49. Bd2 Ra6 50. Rdf3 Rg8 51. Bc3 Rf8 52. g4 Raa8 53. Bd2 Rfe8 54. Bh6 Kd7 55. Bg7 Bd8 56. Rf4 Kc6 57. Bh6 Ra7 58. g5 fxg5 59. hxg5 Rae7 1/2-1/2

[Event "Barnaul Altay-ch"]
[Site "Barnaul"]
[Date "2015.01.04"]
[Round "2"]
[White "Tsepennikova, Tatyana"]
[Black "Prokoshin, Sergey"]
[Result "1-0"]
[WhiteElo "2061"]
[BlackElo "1828"]
[PlyCount "69"]
[EventDate "2015.01.03"]
[EventType "swiss"]
[EventRounds "9"]
[EventCountry "RUS"]
[SourceTitle "CBM 164 Extra"]
[Source "ChessBase"]
[SourceDate "2015.03.02"]
[SourceVersion "1"]
[SourceVersionDate "2015.03.02"]
[SourceQuality "1"]

1. Nf3 c6 2. e4 d5 3. exd5 Qxd5 4. Nc3 Qd8 5. Bc4 Nf6 6. d4 Bf5 7. Ne5 e6 8. g4 Be4 9. Nxe4 Nxe4 10. Qf3 Nd6 11. 0-0 Qf6 12. Qb3 Nxc4 13. Qxc4 Nd7 14. Nxd7 Kxd7 15. Qb3 Kc7 16. Qd3 Rd8 17. c3 Bd6 18. f4 Qg6 19. Qg3 h5 20. g5 Qf5 21. Be3 Kb8 22. Qf2 a6 23. a4 f6 24. Rae1 fxg5 25. fxg5 Qg4+ 26. Qg2 Qxg2+ 27. Kxg2 Rhf8 28. Bf2 Rde8 29. Bg3 Bxg3 30. Kxg3 Rg8 31. Rf7 Kc8 32. g6 b6 33. Kf4 Kd8 34. Ke5 Re7 35. Kd6 1-0

[Event "Pavlodar op"]
[Site "Pavlodar"]
[Date "2013.12.16"]
[Round "7"]
[White "Tsepennikova, Tatyana"]
[Black "Kydyrgaliyev, Meiirman"]
[Result "1/2-1/2"]
[WhiteElo "2102"]
[BlackElo "1795"]
[PlyCount "105"]
[EventDate "2013.12.10"]
[EventType "swiss"]
[EventRounds "10"]
[EventCountry "KAZ"]
[SourceTitle "CBM 158 Extra"]
[Source "ChessBase"]
[SourceDate "2014.02.28"]
[SourceVersion "1"]
[SourceVersionDate "2014.02.28"]
[SourceQuality "1"]

1. e4 c5 2. Nf3 d6 3. d4 cxd4 4. Qxd4 Nc6 5. Bb5 Bd7 6. Bxc6 bxc6 7. Nc3 e5 8. Qd3 Nf6 9. Bg5 Be6 10. 0-0 h6 11. Bh4 Be7 12. Rfd1 0-0 13. Bxf6 Bxf6 14. Qxd6 Qb6 15. Qa3 Rfe8 16. Na4 Qb5 17. b3 Rad8 18. c4 Qa6 19. Qb2 Bxc4 20. Qc3 Be6 21. Rdc1 Bg4 22. Qxc6 Qxc6 23. Rxc6 Bxf3 24. gxf3 Rd2 25. Nc3 Bh4 26. Rf1 Rc2 27. Rc7 Rd8 28. Nd5 Rxa2 29. Ne7+ Bxe7 30. Rxe7 Rb8 31. Rb1 Rb5 32. Kg2 a5 33. Ra7 Rb4 34. Rc1 Rxb3 35. Rc5 a4 36. Rxe5 Rbb2 37. Re8+ Kh7 38. Rxf7 Rxf2+ 39. Kg3 Rxh2 40. Ra8 a3 41. Kf4 Rh4+ 42. Kf5 Rh5+ 43. Ke6 Rb2 44. Rd7 a2 45. f4 Rb6+ 46. Rd6 Rxd6+ 47. Kxd6 Rh2 48. e5 Rd2+ 49. Ke7 Kg6 50. Ke6 h5 51. f5+ Kg5 52. Ra7 Kf4 53. Ra4+ 1/2-1/2

[Event "Moscow op-F (Women)"]
[Site "Moscow"]
[Date "2011.02.05"]
[Round "8"]
[White "Tsepennikova, Tatyana"]
[Black "Bauyrzhan, Arnash"]
[Result "1/2-1/2"]
[WhiteElo "2104"]
[BlackElo "1900"]
[PlyCount "79"]
[EventDate "2011.01.29"]
[EventType "swiss"]
[EventRounds "9"]
[EventCountry "RUS"]
[SourceTitle "CBM 140 Extra"]
[Source "ChessBase"]
[SourceDate "2011.03.01"]
[SourceVersion "1"]
[SourceVersionDate "2011.03.01"]
[SourceQuality "1"]

1. d4 Nf6 2. Nf3 g6 3. Bg5 Bg7 4. Nbd2 d6 5. c3 0-0 6. e4 Nbd7 7. Be2 e5 8. dxe5 Nxe5 9. Nxe5 dxe5 10. 0-0 h6 11. Bh4 Be6 12. Qc2 c6 13. Bg3 Nh7 14. Nc4 Bxc4 15. Bxc4 Qe7 16. Rad1 Rad8 17. Qb3 b5 18. Be2 Ng5 19. f3 Ne6 20. a4 a6 21. axb5 axb5 22. Qc2 Qg5 23. Kf2 h5 24. h4 Qe7 25. Kg1 Bh6 26. Bf2 g5 27. Be3 Qf6 28. hxg5 Bxg5 29. Bxg5 Qxg5 30. Rxd8 Rxd8 31. Rd1 Rxd1+ 32. Qxd1 Nf4 33. Bf1 h4 34. Kf2 Qg3+ 35. Ke3 Nxg2+ 36. Bxg2 Qxg2 37. Qd8+ Kg7 38. Qxh4 Qg1+ 39. Ke2 Qg2+ 40. Ke3 1/2-1/2

[Event "Moscow op-F (Women)"]
[Site "Moscow"]
[Date "2011.02.02"]
[Round "5"]
[White "Tsepennikova, Tatyana"]
[Black "Nechaeva, Marina"]
[Result "1/2-1/2"]
[WhiteElo "2104"]
[BlackElo "2404"]
[PlyCount "86"]
[EventDate "2011.01.29"]
[EventType "swiss"]
[EventRounds "9"]
[EventCountry "RUS"]
[SourceTitle "CBM 140 Extra"]
[Source "ChessBase"]
[SourceDate "2011.03.01"]
[SourceVersion "1"]
[SourceVersionDate "2011.03.01"]
[SourceQuality "1"]

1. d4 d5 2. Nf3 Nf6 3. Bf4 e6 4. h3 Be7 5. e3 0-0 6. Bd3 c5 7. c3 Nc6 8. Nbd2 b6 9. Ne5 Bb7 10. Ndf3 cxd4 11. exd4 Na5 12. Qc2 h6 13. g4 Ne4 14. h4 Qe8 15. h5 Qd8 16. Qc1 Nc4 17. Bxe4 dxe4 18. Nxc4 exf3 19. Ne5 f6 20. Ng6 Rf7 21. Qe3 e5 22. dxe5 Bc5 23. Qd2 Rd7 24. Qc2 fxe5 25. Bxe5 Qg5 26. Qb3+ Bd5 27. Qa4 Re7 28. Nxe7+ Qxe7 29. 0-0-0 Qxe5 30. Rhe1 Qg5+ 31. Kb1 Bf7 32. Qe4 Rf8 33. Rd7 b5 34. Red1 Bxf2 35. R7d3 Bb6 36. Rxf3 Re8 37. Qb7 Be6 38. Qc6 Qe7 39. Rf4 Bc4 40. b3 Be2 41. Rd7 Bd3+ 42. Kb2 Qe2+ 43. Ka3 Bb1 1/2-1/2

[Event "Berdsk Maestro op 16th"]
[Site "Berdsk"]
[Date "2010.07.16"]
[Round "9"]
[White "Moskalev, Alexander"]
[Black "Tsepennikova, Tatyana"]
[Result "1/2-1/2"]
[WhiteElo "1989"]
[BlackElo "2120"]
[PlyCount "21"]
[EventDate "2010.07.08"]
[EventType "swiss"]
[EventRounds "9"]
[EventCountry "RUS"]
[SourceTitle "EXT 2011"]
[Source "ChessBase"]
[SourceDate "2010.11.26"]
[SourceVersion "1"]
[SourceVersionDate "2010.11.26"]
[SourceQuality "1"]

1. e4 c6 2. d4 d5 3. exd5 cxd5 4. c4 Nf6 5. Nc3 Nc6 6. Bf4 e6 7. Nf3 Be7 8. c5 0-0 9. h3 Ne4 10. Rc1 Bf6 11. Qa4 1/2-1/2

[Event "Berdsk Maestro op 16th"]
[Site "Berdsk"]
[Date "2010.07.12"]
[Round "5"]
[White "Khatnikov, Alexander"]
[Black "Tsepennikova, Tatyana"]
[Result "1/2-1/2"]
[WhiteElo "1975"]
[BlackElo "2120"]
[PlyCount "74"]
[EventDate "2010.07.08"]
[EventType "swiss"]
[EventRounds "9"]
[EventCountry "RUS"]
[SourceTitle "EXT 2011"]
[Source "ChessBase"]
[SourceDate "2010.11.26"]
[SourceVersion "1"]
[SourceVersionDate "2010.11.26"]
[SourceQuality "1"]

1. c4 e5 2. Nc3 Nf6 3. Nf3 Nc6 4. g3 d5 5. cxd5 Nxd5 6. Bg2 Nb6 7. d3 Be7 8. 0-0 Be6 9. a3 f6 10. b4 0-0 11. Bb2 Qd7 12. Re1 Nd4 13. Nxd4 exd4 14. Ne4 Na4 15. Qc2 Nxb2 16. Qxb2 b6 17. Rec1 Rac8 18. Rc2 f5 19. Nd2 f4 20. Rac1 fxg3 21. hxg3 c5 22. bxc5 Bxc5 23. Ne4 Qf7 24. Rf1 Bd5 25. Nxc5 Bxg2 26. Kxg2 bxc5 27. Qa2 Qxa2 28. Rxa2 c4 29. dxc4 Rxc4 30. Rd1 Re8 31. Rd3 Kf7 32. Rad2 Ra4 33. Rxd4 Rxa3 34. Rf4+ Kg8 35. Rd7 Ra6 36. Rff7 Rg6 37. Rxa7 Rxe2 1/2-1/2

[Event "Berdsk Maestro op 15th"]
[Site "Berdsk"]
[Date "2009.07.16"]
[Round "9"]
[White "Tsepennikova, Tatyana"]
[Black "Toder, Denis"]
[Result "1/2-1/2"]
[WhiteElo "2128"]
[BlackElo "2211"]
[PlyCount "85"]
[EventDate "2009.07.08"]
[EventType "swiss"]
[EventRounds "9"]
[EventCountry "RUS"]
[SourceTitle "EXT 2022"]
[Source "ChessBase"]
[SourceDate "2021.10.06"]
[SourceVersion "1"]
[SourceVersionDate "2021.10.06"]
[SourceQuality "1"]

1. d4 Nf6 2. c4 g6 3. Nc3 Bg7 4. e4 d6 5. Nf3 0-0 6. Be2 c5 7. d5 b5 8. cxb5 a6 9. bxa6 Bxa6 10. 0-0 Nbd7 11. Re1 Nb6 12. Bxa6 Rxa6 13. Qc2 Qa8 14. Bd2 Rb8 15. h3 Nc4 16. b3 Nxd2 17. Nxd2 Nd7 18. a4 Rab6 19. Rab1 Rb4 20. Na2 R4b7 21. Nc3 Bxc3 22. Qxc3 Rb4 23. h4 R8b7 24. h5 Qb8 25. hxg6 hxg6 26. Rbc1 c4 27. bxc4 Rxa4 28. Re3 Rb2 29. Rh3 Nf6 30. Qe3 Qf8 31. Rd1 Raa2 32. Qg5 Qg7 33. c5 dxc5 34. e5 Nd7 35. e6 fxe6 36. dxe6 Qf6 37. Qh6 Rb8 38. Ne4 Qg7 39. Qf4 Re8 40. Rf3 Ra1 41. Rxa1 Qxa1+ 42. Kh2 Qe5 43. Kg3 1/2-1/2